Statistiques concernant Couples Détective Conan

Cliquez ici pour prendre le quiz!

Statistiques générales

  • Ce quiz a été pris 54 fois
  • Le résultat moyen est 7 sur 11

Statistiques - réponses

HintRéponse% Correct
Shinichi KudoRan Mouri
100%
Eri KisakiKogoro Mouri
96%
Wataru TakagiMiwako Sato
85%
Heiji HattoriKazuha Tooyama
83%
Yukiko FujimineYusaku Kudo
80%
Sonoko SuzukiMakoto Kyogoku
70%
Shuukichi HanedaYumi Miyamoto
59%
Aoko NakamoriKaito Kuroba
50%
Atsushi MiyanoElena Miyano
39%
Kazunobu ChibaNaeko Miike
35%
Ninzaburo ShiratoriSumiko Kobayashi
35%

Distribution des résultats

Percentile par nombre de réponses

% des personnes avec chaque résultat

Votre développement - résultats

Vous n’avez pas pris ce quiz